Defence and Space Exponditures in the US <An> Inter-Firm Analysis
Enregistré dans:
| Auteur principal: | |
|---|---|
| Autres auteurs: | , |
| Format: | Livre |
| Langue: | anglais |
| Publié: |
Kiel
Institut für Weltwirtschaft
1991
|
| Collection: | Kiel Working Paper
No.483 |
| Tags: |
Pas de tags, Soyez le premier à ajouter un tag!
|
MARC
| LEADER | 00000nam a2200000 4500 | ||
|---|---|---|---|
| 001 | c033850 | ||
| 005 | 20250521092904.5 | ||
| 041 | 0 | |a eng | |
| 044 | |a DE | ||
| 245 | 1 | 0 | |a Defence and Space Exponditures in the US |b <An> Inter-Firm Analysis |c Alek K. Chakrabarti, Hans H. Glismann, Ernst-Jürgen Horn |
| 264 | 1 | |a Kiel |b Institut für Weltwirtschaft |c 1991 | |
| 300 | |a 18 s. | ||
| 490 | 1 | |a Kiel Working Paper |v No.483 | |
| 830 | 0 | |a Kiel Working Paper |v No.483 | |
| 100 | 1 | |a Chakrabarti, Alek K. | |
| 700 | 1 | |a Glismann, Hans H. | |
| 700 | 1 | |a Horn, Ernst-Jürgen | |